000 00473nam a22001577a 4500
999 _c9260
_d9260
008 210331b ||||| |||| 00| 0 eng d
040 _aBMS College of Architecture
100 _aThamanna
245 _aShoppertainment centre at Mangalore
300 _a60p.
500 _a1BM01AT034
502 _8B.Arch
_NBMS College of Architecture, Visvesvaraya Technological University
_aProject report
_d2005
650 _aMangalore
700 _aSatish Rao
_eGuide
942 _2ddc
_cTHE